| 000 | 00407nam a2200169Ia 4500 | ||
|---|---|---|---|
| 001 | 28615 | ||
| 008 | 140415s9999 xx 000 0 und d | ||
| 040 | _cPK-LaUMT | ||
| 082 |
_a 515 _bABB-T |
||
| 100 | _aP. Abbott | ||
| 245 |
_aTeach yourself calculus _cP. Abbott |
||
| 260 |
_aLondon,UK: _bEnglish Language Book Society, _c1965 |
||
| 300 | _a380 p. | ||
| 546 | _aEN | ||
| 650 | _aCalculus | ||
| 942 | _cBK | ||
| 999 |
_c28742 _d28742 |
||